000 00799nam a2200301Ia 4500
008 160803s9999 xx 000 0 und d
020 _a9780545339773
100 _aEfaw, Amy
245 _aBattle dress /
245 _cAmy Efaw.
260 _aNew York :
260 _bScholastic Inc.
260 _c2010
300 _a290 pages ;
300 _c20 cm
500 _a1st Scholastic printing 2011.
650 _aInterpersonal relations --
650 _aMilitary cadets -- West Point --
650 _aMilitary education -- New York (State) -- West Point --
650 _aSelf-confidence --
650 _aUnited States Military Academy --
650 _xFiction.
650 _xFiction.
650 _xFiction.
650 _xFiction.
650 _xFiction.
700 _a650
999 _c298444
_d298444